Optimization methods for engineers / (Record no. 81539)

MARC details
000 -LEADER
fixed length control field 00936nam a22002657a 4500
005 - DATE AND TIME OF LATEST TRANSACTION
control field 20170512155803.0
010 ## - LCCN (DPL NO)
LC control number ENG-109025
020 ## - INTERNATIONAL STANDARD BOOK NUMBER
International Standard Book Number 9788120347441
Terms of availability 495.00
035 ## - SYSTEM CONTROL NUMBER
System control number EN-92558
035 ## - SYSTEM CONTROL NUMBER
System control number B-536864-868
035 ## - SYSTEM CONTROL NUMBER
System control number B-663822
037 ## - SOURCE OF ACQUISITION
Source of stock number/acquisition DBAD/PUB
037 ## - SOURCE OF ACQUISITION
Source of stock number/acquisition Bookwell
Stock number dpl
037 ## - SOURCE OF ACQUISITION
Source of stock number/acquisition UBH/Ven
Stock number dpl
082 ## - DEWEY DECIMAL CLASSIFICATION NUMBER
Classification number 519.6
100 ## - MAIN ENTRY--PERSONAL NAME
Personal name Raju, N. V. S.
245 ## - TITLE STATEMENT
Title Optimization methods for engineers /
Statement of responsibility, etc by N. V. S. Raju
260 ## - PUBLICATION, DISTRIBUTION, ETC. (IMPRINT)
Place of publication, distribution, etc New Delhi
Name of publisher, distributor, etc PHI Learning
Date of publication, distribution, etc 2014
270 ## - ADDRESS
Address Rimjhim House,111, Patparganj Industrial Estate,
City New Delhi
Postal code 110092
300 ## - PHYSICAL DESCRIPTION
Extent xx,596p. :
Dimensions 24cm(pbk)
Other physical details ill.
500 ## - GENERAL NOTE
General note Includes index
942 ## - ADDED ENTRY ELEMENTS (KOHA)
Source of classification or shelving scheme Dewey Decimal Classification
Item type English Books
Call number suffix RAJ
Classification part 519.6
Holdings
Withdrawn status Lost status Not for loan Collection code Home library Current library Date acquired Source of acquisition Cost, normal purchase price Full call number Barcode Copy number Cost, replacement price Koha item type Public note
      Non-fiction Ashok Vihar Ashok Vihar 12/05/2017 BPPD/EN/2013-14/AV/16-17/362/15.2.2017/1034/25.2.2017/ 1.3.2017 495.00 519.6 RAJ B-663822 1 495.00 English Books  
      Non-fiction Central Library Central Library 20/08/2014 UBH/317/28.03.2014/148/25.03.2014/31.03.2014 495.00 519.6 RAJ B-536864 1 495.00 English Books Legal Case (Register 2018)
    Not For Loan Non-fiction D.B.Act.Division D.B.Act.Division 26/12/2013 DBAD/PUB 495.00 515 RAJ EN-92558 1 495.00 English Books  
      Non-fiction Karol Bagh Karol Bagh 20/08/2014 UBH/317/28.03.2014/148/25.03.2014/31.03.2014 495.00 519.6 RAJ B-536867 1 495.00 English Books  
      Non-fiction Patel Nagar Patel Nagar 20/08/2014 UBH/317/28.03.2014/148/25.03.2014/31.03.2014 495.00 519.6 RAJ B-536865 1 495.00 English Books  
      Non-fiction Sarojini Nagar Sarojini Nagar 20/08/2014 UBH/317/28.03.2014/148/25.03.2014/31.03.2014 495.00 519.6 RAJ B-536866 1 495.00 English Books  
      Non-fiction Shahdara Branch Shahdara Branch 20/08/2014 UBH/317/28.03.2014/148/25.03.2014/31.03.2014 495.00 519.6 RAJ B-536868 1 495.00 English Books  

© Delhi Public Library
Hit Counter
free hit counter